000 00899nam a22002057a 4500
005 20251031162840.0
100 _aLacote, R.
245 _aPerformance of different latex harvesting systems to increase the labour productivity of rubber plantations in Thailand
260 _bNatural Rubber Industry: Way forward for the Competitiveness and Sustainability: Proceedings of the International Rubber Conference 2019, 30 September- 1st October 2019, International Rubber Research and Development Board and Myanmar Rubber Planters and Producers Association, Nai Pyi Taw,, Myanmar, pp. 92-111.
_c2022
650 _aLatex harvesting
650 _aLow frequency tapping
650 _aLabour productivity
650 _aLatex diagnosis
650 _aLatex physiological parameters
700 _aSainoi, T.
700 _aSdoodee, S.
700 _aRawiwan, C.
700 _aRongthong, P.
942 _cAR
999 _c75721
_d75721